Errate den Songtext ohne das Lied zu kennen #5 - Statistiken

Allgemein
  • Dieses Quiz wurde 1.137 mal gespielt
  • Das Durchschnittsergebnis liegt bei 100 aus 281
Antwortstatistiken
Antwort % Korrekt
I
97%
(I
97%
a
94%
you"
81%
you
81%
the
73%
The
73%
He
64%
we
62%
an
60%
to
59%
me
57%
do
56%
in,
54%
in
54%
she
53%
hear
46%
Africa
42%
for
40%
that
39%
men
38%
of
35%
ever
33%
never
33%
time
33%
time)
33%
there
32%
had
31%
rain)
31%
they
31%
thing
31%
down
30%
like
30%
could
29%
it's
29%
It's
29%
or
28%
this
28%
from
27%
know
26%
say,
26%
some
26%
man
25%
take
25%
as
24%
As
24%
But
24%
night
24%
things
24%
nothing
23%
away
22%
if
21%
more
21%
way
21%
boy,
19%
gonna
19%
Gonna
19%
only
17%
tonight
17%
drums
16%
rains
16%
right
16%
hundred
15%
lot
15%
There's
15%
out
14%
bless
13%
cry
13%
echoing
13%
old
13%
waiting
13%
must
12%
She's
12%
she's
12%
whispers
12%
conversation
11%
find
11%
hears
11%
quiet
11%
"Hurry
10%
Hurry
10%
long
10%
coming
9%
drag
9%
become
8%
deep
8%
flight
8%
I've
8%
stars
8%
words
8%
inside
7%
what's
7%
wild
7%
12:30
6%
along
6%
salvation
6%
turned
6%
above
5%
(Ah,
5%
ancient
5%
company
5%
dogs
5%
forgotten
5%
grow
5%
guide
5%
Hoping
5%
melodies
5%
reflect
5%
stopped
5%
sure
5%
towards
5%
Frightened
4%
Kilimanjaro
4%
moonlit
4%
restless,
4%
rises
4%
Serengeti
4%
solitary
4%
wings
4%
cure
3%
longing
3%
Olympus
3%
seek
3%
Keine übereinstimmenden Quizze gefunden
Verteilung der Resultate
Anzahl Personen mit jedem Resultat
Perzentil nach korrekt beantworteten Fragen
Ihre Resultats-Entwicklung
Sie haben dieses Quiz noch nicht gespielt